Electrónica: Teoría de circuitos y dispositivos electrónicos
Guardat en:
| Autors principals: | , |
|---|---|
| Format: | Llibre |
| Idioma: | espanyol |
| Publicat: |
Cuernavaca, México
Prentice Hall
2009
|
| Edició: | 10a. ed |
| Matèries: | |
| Accés en línia: | Disponible Online - Cap. 1 al 8 |
| Etiquetes: |
Afegir etiqueta
Sense etiquetes, Sigues el primer a etiquetar aquest registre!
|
MARC
| LEADER | 00000cam a2200000 a 4500 | ||
|---|---|---|---|
| 001 | UCG1723 | ||
| 003 | CL-VaPUC | ||
| 005 | 20210804001516.0 | ||
| 008 | 100513e20090000MX |||||||||||||||||spa|d | ||
| 999 | |c 340996 |d 340994 | ||
| 020 | |a 9786074422924 | ||
| 040 | |c Pontificia Universidad Católica de Valparaíso | ||
| 082 | 0 | 4 | |a 621.381 BOY 2009 |2 21 |
| 100 | 0 | |a Boylestad, Robert L |e author |9 549719 | |
| 245 | 1 | 0 | |a Electrónica: |b Teoría de circuitos y dispositivos electrónicos |
| 250 | |a 10a. ed | ||
| 260 | |a Cuernavaca, México |b Prentice Hall |c 2009 | ||
| 300 | |a 894 páginas | ||
| 583 | |a last modification |c 20140102 05:33:30 |k Rodrigo Vera | ||
| 650 | 0 | |a Circuitos lógicos |9 263161 | |
| 650 | 0 | |a Circuitos electrónicos |9 260204 | |
| 650 | 0 | |a Diseño lógico |2 CL-VaPUC |9 262464 | |
| 650 | 0 | |a Electrónica digital |9 263160 | |
| 650 | 0 | |a Electrónica de potencia |9 263153 | |
| 650 | 0 | |a Semiconductores |9 260250 | |
| 650 | 0 | |a Diodos |2 CL-VaPUC |9 260678 | |
| 650 | 0 | |a Transistores |9 260330 | |
| 700 | 0 | |a Nashelsky, Louis |e author |9 549720 | |
| 856 | |u http://bibliografiadigital.pucv.cl.pucv.idm.oclc.org/index.php/bibliotecapucv/catalog/book/618 |y Disponible Online - Cap. 1 al 8 | ||
| 942 | |c BK |2 ddc | ||
| 945 | |d 20100513 00:00:00 |a dcastane | ||
| 952 | |0 0 |1 0 |2 ddc |4 0 |6 621_381000000000000_BOY_2009 |7 0 |8 A |9 436184 |a BIBING |b BIBING |c RES |d 2019-11-22 |i 4673824 |o 621.381 BOY 2009 |p 4673824 |r 2025-01-20 |w 2019-11-22 |y BK |k EIE | ||
| 952 | |0 0 |1 0 |2 ddc |4 0 |6 621_381000000000000_BOY_2009 |7 0 |8 A |9 436185 |a BIBING |b BIBING |c RES |d 2019-11-22 |i 4679520 |l 4 |o 621.381 BOY 2009 |p 4679520 |r 2025-01-20 |s 2024-05-17 |w 2019-11-22 |y BK |k EIE | ||
| 952 | |0 0 |1 0 |2 ddc |4 0 |6 621_381000000000000_BOY_2009 |7 0 |8 A |9 436186 |a BIBING |b BIBING |c RES |d 2019-11-22 |i 4691032 |o 621.381 BOY 2009 |p 4691032 |r 2025-01-20 |w 2019-11-22 |y BK |k EIE | ||
| 952 | |0 0 |1 0 |2 ddc |4 0 |6 621_381000000000000_BOY_2009 |7 0 |8 A |9 436187 |a BIBING |b BIBING |c RES |d 2019-11-22 |i 4691040 |l 2 |o 621.381 BOY 2009 |p 4691040 |r 2025-01-20 |s 2022-05-23 |w 2019-11-22 |y BK |k EIE | ||
| 952 | |0 0 |1 0 |2 ddc |4 0 |6 621_381000000000000_BOY_2009 |7 0 |8 A |9 436188 |a BIBING |b BIBING |c RES |d 2019-11-22 |i 4691059 |l 8 |m 1 |o 621.381 BOY 2009 |p 4691059 |r 2025-01-20 |s 2024-05-14 |w 2019-11-22 |y BK |k EIE | ||
| 952 | |0 0 |1 0 |2 ddc |4 0 |6 621_381000000000000_BOY_2009 |7 0 |8 A |9 436189 |a BIBING |b BIBING |c RES |d 2019-11-22 |i 4691067 |l 2 |o 621.381 BOY 2009 |p 4691067 |r 2025-01-20 |s 2022-05-12 |w 2019-11-22 |y BK |k EIE | ||
| 952 | |0 0 |1 0 |2 ddc |4 0 |6 621_381000000000000_BOY_2009 |7 0 |8 A |9 436190 |a BIBING |b BIBING |c RES |d 2019-11-22 |i 4691075 |l 1 |o 621.381 BOY 2009 |p 4691075 |r 2025-01-20 |s 2024-05-17 |w 2019-11-22 |y BK |k EIE | ||
| 952 | |0 0 |1 0 |2 ddc |4 0 |6 621_381000000000000_BOY_2009 |7 0 |8 A |9 436191 |a BIBING |b BIBING |c RES |d 2019-11-22 |i 4691083 |l 2 |m 1 |o 621.381 BOY 2009 |p 4691083 |r 2025-01-20 |s 2024-05-10 |w 2019-11-22 |y BK |k EIE | ||
| 952 | |0 0 |1 0 |2 ddc |4 0 |6 621_381000000000000_BOY_2009 |7 0 |8 A |9 436192 |a BIBING |b BIBING |c RES |d 2019-11-22 |i 4691091 |l 3 |o 621.381 BOY 2009 |p 4691091 |r 2025-01-20 |s 2022-07-13 |w 2019-11-22 |y BK |k EIE | ||
| 952 | |0 0 |1 0 |2 ddc |4 0 |6 621_381000000000000_BOY_2009 |7 0 |8 A |9 436193 |a BIBING |b BIBING |c RES |d 2019-11-22 |i 4691105 |o 621.381 BOY 2009 |p 4691105 |r 2025-01-20 |w 2019-11-22 |y BK |k EIE | ||
| 952 | |0 0 |1 0 |2 ddc |4 0 |6 621_381000000000000_BOY_2009 |7 0 |8 A |9 436194 |a BIBING |b BIBING |c RES |d 2019-11-22 |i 4691113 |o 621.381 BOY 2009 |p 4691113 |r 2025-01-20 |w 2019-11-22 |y BK |k EIE | ||
| 952 | |0 0 |1 0 |2 ddc |4 0 |6 621_381000000000000_BOY_2009 |7 0 |8 A |9 436195 |a BIBING |b BIBING |c RES |d 2019-11-22 |i 4691121 |l 5 |m 2 |o 621.381 BOY 2009 |p 4691121 |r 2025-01-20 |s 2024-05-14 |w 2019-11-22 |y BK |k EIE | ||
| 952 | |0 0 |1 0 |2 ddc |4 0 |6 621_381000000000000_BOY_2009 |7 0 |8 A |9 436196 |a BIBING |b BIBING |c RES |d 2019-11-22 |i 469113K |l 1 |o 621.381 BOY 2009 |p 469113K |r 2025-01-20 |s 2024-05-16 |w 2019-11-22 |y BK |k EIE | ||
| 952 | |0 0 |1 0 |2 ddc |4 0 |6 621_381000000000000_BOY_2009 |7 0 |8 A |9 436197 |a BIBING |b BIBING |c RES |d 2019-11-22 |i 4691148 |o 621.381 BOY 2009 |p 4691148 |r 2025-01-20 |w 2019-11-22 |y BK |k EIE | ||
| 952 | |0 0 |1 0 |2 ddc |4 0 |6 621_381000000000000_BOY_2009 |7 0 |8 A |9 436198 |a BIBING |b BIBING |c RES |d 2019-11-22 |i 4691156 |l 4 |o 621.381 BOY 2009 |p 4691156 |r 2025-01-20 |s 2022-10-11 |w 2019-11-22 |y BK |k EIE | ||
| 952 | |0 0 |1 0 |2 ddc |4 0 |6 621_381000000000000_BOY_2009 |7 0 |8 A |9 436199 |a BIBING |b BIBING |c RES |d 2019-11-22 |i 4691164 |o 621.381 BOY 2009 |p 4691164 |r 2025-01-20 |w 2019-11-22 |y BK |k EIE | ||
| 952 | |0 0 |1 0 |2 ddc |4 0 |6 621_381000000000000_BOY_2009 |7 0 |8 A |9 436200 |a BIBING |b BIBING |c RES |d 2019-11-22 |i 4691172 |l 1 |o 621.381 BOY 2009 |p 4691172 |r 2025-01-20 |s 2024-09-10 |w 2019-11-22 |y BK |k EIE | ||
| 952 | |0 0 |1 0 |2 ddc |3 erb |4 0 |6 621_381000000000000_BOY_2009 |7 0 |8 A |9 436201 |a BIBING |b BIBING |c RES |i 5044871 |l 6 |m 4 |o 621.381 BOY 2009 |p 5044871 |q 2025-05-09 |r 2025-05-02 |s 2025-05-02 |w 2019-11-22 |y BK |z Catalogado en:20140103 |k EIE | ||
| 952 | |0 0 |1 0 |2 ddc |3 erb |4 0 |6 621_381000000000000_BOY_2009 |7 0 |8 A |9 436202 |a BIBING |b BIBING |c RES |i 504488K |l 3 |o 621.381 BOY 2009 |p 504488K |r 2025-01-20 |s 2024-06-26 |w 2019-11-22 |y BK |z Catalogado en:20140103 |k EIE | ||
| 952 | |0 0 |1 0 |2 ddc |3 erb |4 0 |6 621_381000000000000_BOY_2009 |7 0 |8 A |9 436203 |a BIBING |b BIBING |c RES |i 5044898 |o 621.381 BOY 2009 |p 5044898 |r 2025-01-20 |w 2019-11-22 |y BK |z Catalogado en:20140103 |k EIE | ||
| 952 | |0 0 |1 0 |2 ddc |3 erb |4 0 |6 621_381000000000000_BOY_2009 |7 0 |8 A |9 436204 |a BIBING |b BIBING |c RES |i 5044901 |o 621.381 BOY 2009 |p 5044901 |r 2025-01-20 |w 2019-11-22 |y BK |z Catalogado en:20140103 |k EIE | ||
| 952 | |0 0 |1 0 |2 ddc |3 erb |4 0 |6 621_381000000000000_BOY_2009 |7 0 |8 A |9 436205 |a BIBING |b BIBING |c RES |i 504491K |l 2 |m 1 |o 621.381 BOY 2009 |p 504491K |r 2025-01-20 |s 2024-05-14 |w 2019-11-22 |y BK |z Catalogado en:20140103 |k EIE | ||
| 952 | |0 0 |1 0 |2 ddc |3 erb |4 0 |6 621_381000000000000_BOY_2009 |7 0 |8 A |9 436206 |a BIBING |b BIBING |c RES |i 5412730 |l 8 |o 621.381 BOY 2009 |p 5412730 |r 2025-01-20 |s 2023-10-19 |w 2019-11-22 |y BK |z Catalogado en:20170804 |k EIE | ||